Top 50 Offensive Players Madden 24 (Overalls) - Statistics

General Stats
  • This quiz has been taken 49 times
  • The average score is 31 of 50
Answer Stats
Team Position Overall Player % Correct
49ers HB 99 Christian McCaffrey
100%
Vikings WR 99 Justin Jefferson
100%
Ravens QB 98 Lamar Jackson
100%
Chiefs QB 99 Patrick Mahomes
100%
Chiefs TE 99 Travis Kelce
100%
Dolphins WR 99 Tyreek Hill
100%
49ers LT 98 Trent Williams
91%
Lions WR 95 Amon-Ra St. Brown
88%
49ers TE 97 George Kittle
88%
Eagles C 92 Jason Kelce
86%
Browns RB 96 Nick Chubb
86%
Cowboys WR 96 CeeDee Lamb
84%
Bengals QB 93 Joe Burrow
84%
Eagles WR 95 AJ Brown
81%
Bengals WR 93 Ja'Marr Chase
81%
Titans HB 94 Derrick Henry
77%
Chargers WR 91 Keenan Allen
77%
Bills QB 92 Josh Allen
74%
Cowboys QB 90 Dak Prescott
70%
Ravens TE 94 Mark Andrews
70%
Giants HB 92 Saquon Barkley
70%
Bills WR 92 Stefon Diggs
70%
Raiders WR 94 DaVante Adams
67%
Packers HB 89 Aaron Jones
65%
Bears WR 89 D.J. Moore
65%
Raiders HB 90 Josh Jacobs
65%
Buccaneers WR 91 Mike Evans
65%
Browns WR 90 Amari Cooper
63%
49ers WR 90 Brandon Aiyuk
63%
Bengals HB 91 Joe Mixon
63%
Titans WR 89 DeAndre Hopkins
60%
Vikings TE 90 T.J. Hockenson
58%
Eagles RT 96 Lane Johnson
56%
Lions C 92 Frank Ragnow
49%
Lions RT 94 Penei Sewell
49%
Colts LG 90 Quenton Nelson
49%
Cowboys RG 98 Zack Martin
44%
Chiefs C 91 Creed Humphrey
40%
Browns TE 89 David Njoku
40%
Buccaneers LT 94 Tristan Wirfs
37%
Cowboys LT 95 Tyron Smith
37%
Giants LT 89 Andrew Thomas
26%
Chiefs LG 92 Joe Thuney
26%
Vikings LT 90 Christian Darrisaw
23%
Packers LT 90 David Bakhtiari
21%
Dolphins LT 93 Terron Armstead
21%
Falcons RG 92 Chris Lindstrom
19%
Browns LG 89 Joel Bitonio
19%
Chargers LT 89 Rashawn Slater
16%
Texans LT 94 Laramey Tunsil
2%
No matching quizzes found
Score Distribution
Percent of People with Each Score
Percentile by Number Answered
Your Score History
You have not taken this quiz